<?xml version="1.0" encoding="UTF-8"?>
<record
    xmlns:xsi="http://www.w3.org/2001/XMLSchema-instance"
    xsi:schemaLocation="http://www.loc.gov/MARC21/slim http://www.loc.gov/standards/marcxml/schema/MARC21slim.xsd"
    xmlns="http://www.loc.gov/MARC21/slim">

  <leader>00611nam a2200181 a 4500</leader>
  <controlfield tag="008">960412s1996 m yxo      rd       0  slo c</controlfield>
  <datafield tag="020" ind1=" " ind2=" ">
    <subfield code="a">8096756346</subfield>
    <subfield code="c"></subfield>
    <subfield code="q">(10</subfield>
  </datafield>
  <datafield tag="040" ind1=" " ind2=" ">
    <subfield code="a">SNK</subfield>
    <subfield code="b">slo</subfield>
    <subfield code="c">SNK</subfield>
    <subfield code="e">AACR2</subfield>
  </datafield>
  <datafield tag="041" ind1="1" ind2=" ">
    <subfield code="a">slo</subfield>
  </datafield>
  <datafield tag="044" ind1=" " ind2=" ">
    <subfield code="a">xo</subfield>
    <subfield code="c">SK</subfield>
  </datafield>
  <datafield tag="080" ind1=" " ind2=" ">
    <subfield code="a">627.8(282.243.73)(082)</subfield>
  </datafield>
  <datafield tag="245" ind1="1" ind2="0">
    <subfield code="a">Aj tak(to) sme stavali s&#xFA;stavu vodn&#xFD;ch diel Gab&#x10D;&#xED;kovo - Nagymaros</subfield>
    <subfield code="b">zborn&#xED;k spomienok</subfield>
  </datafield>
  <datafield tag="260" ind1=" " ind2=" ">
    <subfield code="a">[Bratislava]</subfield>
    <subfield code="b">AFA</subfield>
    <subfield code="c">1996</subfield>
  </datafield>
  <datafield tag="300" ind1=" " ind2=" ">
    <subfield code="a">202 s.</subfield>
    <subfield code="b">Fotogr.</subfield>
    <subfield code="c">21 cm</subfield>
  </datafield>
  <datafield tag="504" ind1=" " ind2=" ">
    <subfield code="a">Biogr. &#xFA;daje</subfield>
  </datafield>
  <datafield tag="651" ind1="0" ind2="7">
    <subfield code="a">Gab&#x10D;&#xED;kovo-Nagymaros (Slovensko a Ma&#x10F;arsko : vodn&#xE9; dielo)</subfield>
    <subfield code="x">v&#xFD;stavba</subfield>
    <subfield code="x">spomienky</subfield>
    <subfield code="x">zborn&#xED;ky</subfield>
    <subfield code="2">SNK</subfield>
  </datafield>
  <datafield tag="958" ind1=" " ind2=" ">
    <subfield code="a">APP</subfield>
  </datafield>
  <datafield tag="999" ind1=" " ind2=" ">
    <subfield code="c">15275</subfield>
    <subfield code="d">15275</subfield>
  </datafield>
  <datafield tag="952" ind1=" " ind2=" ">
    <subfield code="0">0</subfield>
    <subfield code="1">0</subfield>
    <subfield code="4">0</subfield>
    <subfield code="7">0</subfield>
    <subfield code="8">K</subfield>
    <subfield code="a">10000</subfield>
    <subfield code="b">10000</subfield>
    <subfield code="d">2019-11-29</subfield>
    <subfield code="g">10.00</subfield>
    <subfield code="i">14310</subfield>
    <subfield code="o">I 0350</subfield>
    <subfield code="r">2019-11-29</subfield>
    <subfield code="w">2019-11-29</subfield>
    <subfield code="y">OLDO</subfield>
  </datafield>
</record>
